000 00370 a2200157 4500
001 72824
020 _a978853228351-1
040 _cAnchieta - Colégio São Paulo
100 _aTamdjian, James Onnig
240 1 0 _aEstudos de geografia
_lpor
245 1 0 _aEstudos de geografia
300 _a383[32p.]
362 0 _a2012
650 4 _aGeografia e viagens
942 _cBK
999 _c72824
_d72824